|
|
|
|
| LEADER |
00000nam0a2200000 4500 |
| 001 |
357138 |
| 005 |
20231102010948.0 |
| 035 |
|
|
|a (RuTPU)RU\TPU\retro\14398
|
| 035 |
|
|
|a RU\TPU\retro\14396
|
| 090 |
|
|
|a 357138
|
| 100 |
|
|
|a 20200729d1900 km y0rusy50 ca
|
| 101 |
1 |
|
|a rus
|c eng
|
| 102 |
|
|
|a RU
|
| 105 |
|
|
|a a z 001zy
|
| 200 |
1 |
|
|a Собрание сочинений
|e в 4 т.
|h Т. 3
|i Прирученные животные и возделанные растения.
|e пер. с англ.
|f Ч. Р. Дарвин
|g пер. В. Ковалевского ; под ред. М. А. Мензбирова, К. А. Тимирязева
|
| 210 |
|
|
|a Санкт-Петербург
|c Издание О. Н. Поповой
|d 1900
|
| 215 |
|
|
|a 572 с.
|c ил.
|
| 300 |
|
|
|a Текст в русской дореформенной орфографии
|
| 320 |
|
|
|a Библиография в тексте
|
| 606 |
1 |
|
|a Дарвинизм
|2 stltpush
|3 (RuTPU)RU\TPU\subj\4831
|9 33041
|
| 610 |
1 |
|
|a животные
|
| 610 |
1 |
|
|a животный мир
|
| 610 |
1 |
|
|a растения
|
| 610 |
1 |
|
|a растительный мир
|
| 610 |
1 |
|
|a домашние животные
|
| 610 |
1 |
|
|a собаки
|
| 610 |
1 |
|
|a кошки
|
| 610 |
1 |
|
|a лошади
|
| 610 |
1 |
|
|a свиньи
|
| 610 |
1 |
|
|a домашняя птица
|
| 610 |
1 |
|
|a наследственность
|
| 610 |
1 |
|
|a скрещивание
|
| 610 |
1 |
|
|a естественный отбор
|
| 610 |
1 |
|
|a изменчивость
|
| 610 |
1 |
|
|a законы
|
| 675 |
|
|
|a 575.8
|v 4
|
| 700 |
|
1 |
|a Дарвин
|b Ч. Р.
|c английский естествоиспытатель
|f 1809-1882
|g Чарльз Роберт
|2 stltpush
|3 (RuTPU)RU\TPU\pers\1166
|9 529
|
| 702 |
|
1 |
|a Ковалевский
|b В.
|4 730
|
| 702 |
|
1 |
|a Мензбиров
|b М. А.
|4 340
|
| 702 |
|
1 |
|a Тимирязев
|b К. А.
|4 340
|
| 801 |
|
1 |
|a RU
|b 63413507
|c 20200729
|
| 801 |
|
2 |
|a RU
|b 63413507
|c 20200914
|g RCR
|
| 942 |
|
|
|c BK
|